000 01028nam a2200313 i 4500
003 EG-GICUC
005 20260413222459.0
008 260413s1909 enk||||fr|||| 00| 0 eng d
040 _aEG-GiCUC
_beng
_cEG-GiCUC
_dEG-GiCUC
_erda
041 _aeng
082 0 4 _221
_a343
_bKE . O
092 0 4 _221
099 _aLaw1 10 343 KE . O 4 ed - 1909
100 1 _aKenny , Courtney Stanhope
_d1847-
_eAuthor.
245 1 0 _aOutlines Of Criminal Law :
_bBased On Lectures Delivered In The University Of Cambridge /
_cBy Courtney Stanhope Kenny, Ll.d., F.b.a.
250 _aFourth Edition
264 1 _aCambridge :
_bAt The University Press,
_c1909.
300 _a536 pages ;
_c23 cm.
336 _2rda content
_atext
337 _2rda media
_aComputer
338 _2rda carrier
_aOnline Resource
504 _aIncludes index.
546 _aText in English
650 1 _aCriminal law
650 1 _aCriminal Science
856 4 0 _uhttps://fll.law.cu.edu.eg/fulltext/bks/B10-09224.pdf
905 _a43
942 _2ddc
_n0
_cBK
_e21
999 _c70706
_d70706